Регионална библиотека "Любен Каравелов" - Русе

Да спреш една война (Запис номер 95497)

MARC детайли
000 -Лидер
Контролно поле с фиксирана дължина 02540nam a2200493 c 4500
003 - Код на организацията, давaща контролен номер
Контролно поле BLK
005 - Дата и час на последна редакция
Контролно поле 20240315005326.0
008 - Елементи от данни с фиксирана дължина
fixed length control field 180409b bul|||||r ||||||| ||bul||
010 ## - Наследен системен номер
LC control number KNG00100354000
020 ## - Международен стандартен номер на книга ISBN
Международен стандартен номер на книга ISBN 954-8453-70-3
-- издат.: Весела Люцканова
040 ## - Източник на каталожния запис
Идентификатор на билиотеката - собственик на записа BLK
041 ## - Код за език
Код за езика на текст/звукозапис или на отделно заглавие Български
Код за езика КДБФ Български
080 ## - УДК
Текстов определител УДК Международни политически отношения. Световна политика. Международна политика. Дипломация
УДК код - определител по УДК 327
УДК определител (73)(092)(093.3)
УДК - код + определител 327(73)(092)(093.3)
080 ## - УДК
Текстов определител УДК Активни начини на борба - Политически бойкот, саботаж, политически стачки, провокации, метежи, възстания. Вж и 331.109
УДК код - определител по УДК 323.26
УДК определител (497.15)
УДК - код + определител 323.26(497.15)
080 ## - УДК
Текстов определител УДК
УДК код - определител по УДК 929 Холбрук, Ричард
УДК определител
УДК - код + определител 929 Холбрук, Ричард
100 1# - Редна дума - Автор
Автор Холбрук, Ричард
Авторска отговорност първи автор
R(LIN) 137351
139 ## - Редно поле
Редна дума Холбрук, Ричард
Авторски знак Хол - Х 60
245 10 - Сведения за заглавието
Заглавие Да спреш една война
Редно поле (дума) Ричард Холбрук; прев. от англ. Кънчо Кожухаров.
257 ## - Страна на издаване
Страна на създаване/издаване Съединени американски щати
260 ## - Област на издателските данни
-- София
Име на издателя, разпространителя и проч. Весела Люцканова
Година на издаване 2001
Печатница София : Петекстон
300 ## - Физическа характеристика
Страници 668 с.
Илюстрации и др. с портр., 8 л. ил.
Размери/Мащаб 20 см
380 ## - Жанр
Жанр Обществени науки
500 ## - Общи забележки
Забележка Съдържа и Списък на действащите лица ; За автора. - Офс. изд. - 500 тир. . Библиогр. с. 628-631 ; Азб. показалец.
504 ## - Забележка за наличие на библиография и др
Забележка за наличие на библиография и под. 628-631
600 14 - Име на лице, използвано като предмет
За него / За нея Холбрук, Ричард
9 (RLIN) 137351
650 #4 - Допълнително описание по предмет – тема
Основно описание – тема или топоним Дипломати, американски - спомени
9 (RLIN) 306408
650 #4 - Допълнително описание по предмет – тема
Основно описание – тема или топоним Дипломация - САЩ - спомени
9 (RLIN) 306409
650 #0 - Допълнително описание по предмет – тема
Основно описание – тема или топоним Международни отношения
9 (RLIN) 245477
650 #4 - Допълнително описание по предмет – тема
Основно описание – тема или топоним Конфликти - Босна и Херцеговина
9 (RLIN) 306410
653 ## - Ключова дума – ненормативна
Ключова дума Босна и Херцеговина
653 ## - Ключова дума – ненормативна
Ключова дума Херцеговина
653 ## - Ключова дума – ненормативна
Ключова дума военни конфликти
653 ## - Ключова дума – ненормативна
Ключова дума американска дипломация
653 ## - Ключова дума – ненормативна
Ключова дума международни отношения
653 ## - Ключова дума – ненормативна
Ключова дума спомени
653 ## - Ключова дума – ненормативна
Ключова дума Ричард Холбрук
700 1# - Други автори (авторска отговорност)
Лично име Кожухаров, Кънчо
Автороска отговорност (Описва отношението между автора и произведението) прев. от англ.
9 (RLIN) 363854
852 ## - Местоположение
Форматна сигнатура Цб 210766
856 4# - Електронен адрес и достъп
Електронен формат pdf - файл
Път до файла /url/
856 4# - Електронен адрес и достъп
Електронен формат pdf - файл
Път до файла /url/
942 ## - АРТИКУЛИ
Вид на библиотечния материал Книги
Скрит в OPAC Не
Koha issues (borrowed), all copies 2
944 ## - СЪЗДАВАНЕ И РЕДАКЦИЯ на ЗАПИСА
Създаване/Редакция Създаване
Дата на регистрацията/редакция 01.01.2001
Служител, извършил регистрацията/редакцията
Статус, дата на статуса CRON CRON
944 ## - СЪЗДАВАНЕ И РЕДАКЦИЯ на ЗАПИСА
Създаване/Редакция Редакция
Дата на регистрацията/редакция 27.06.2007
Служител, извършил регистрацията/редакцията
999 ## - СИСТЕМНИ КОНТРОЛНИ НОМЕРА
Koha biblionumber 95497
Koha biblioitemnumber 95497
Наличности
Код за отписване Код за изгубен артикул Код за повреда Коз за рестрикции Код за отдаване Артикулен № Име на библиотеката - собственик Име на библиотеката, в която се намира в момента Статус (Текущо местоположение) Дата на вписване в системата Местоположение - отдел Цена в лева Инвентарен номер Систематично азбучна сигнатура Баркод Номер на екземпляра Цена в евро Служебна бележка Служебен тип на артикула
  Не е изгубен Не е повреден без рестрикции ползва се в читалня 153278 Регионална библиотека "Любен Каравелов" Русе Регионална библиотека "Любен Каравелов" Русе Хранилище 2002-02-11 Хранилище 12.00 120000668718 Цб 210766 120000668718 1 6.14 Дост: Dp Вид: Д N: 43 Дата: 17.10.2001 Книги
  Не е изгубен Не е повреден без рестрикции заемане за дома 153279 Регионална библиотека "Любен Каравелов" Русе Регионална библиотека "Любен Каравелов" Русе Заемна - подръчен фонд 2007-06-25 Заемна - подръчен фонд 12.00 120000714892 П 327(4/9)/Х 60 120000714892 2 6.14 Дост: Pk Вид: Ф N: 5889 Дата: 20.06.2007 Дата инв: 02.02.2018 Бележки инв: П2018 Книги
Vip Innovations Ltd, Rousse, Bulgaria 2025